| 000 | 00760nam a2200217Ia 4500 | ||
|---|---|---|---|
| 999 |
_c40986 _d40986 |
||
| 001 | 7634 | ||
| 003 | GE_BSU | ||
| 005 | 20240109133442.0 | ||
| 008 | 181216s1988||||ge |||||||||||||| ||geo|| | ||
| 040 | _cGE_BSU | ||
| 041 | _ageo | ||
| 080 | _a821.353.1-31 დ-74 | ||
| 100 |
_aდონჟაშვილი, თინა _920879 |
||
| 245 |
_aგონჯაურა : _bრომანი / _cთინა დონჟაშვილი ; მხატვ. ა. თოდრია. |
||
| 264 |
_aთბილისი : _bმერანი, _c1988. |
||
| 300 |
_a278 გვ. ; _c20 სმ. |
||
| 653 | _aგონჯაურა | ||
| 653 | _aრომანი | ||
| 700 |
_aთოდრია, ა. _eმხატვარი _95555 |
||
| 942 |
_cBK _2udc |
||